| 000 | 00851cam a22002538a 4500 | ||
|---|---|---|---|
| 999 |
_c307 _d307 |
||
| 001 | 00529750 | ||
| 003 | OCoLC | ||
| 005 | 20190806082057.0 | ||
| 008 | 981105s1998 enkacf b 001 0beng d | ||
| 015 | _aGB99-Z5201 | ||
| 020 | _a1857028295 (pbk.) | ||
| 020 | _a9781857028294 (pbk.) | ||
| 040 |
_aUKM _cUKM |
||
| 082 | 0 | 4 | _a510.92 HOF |
| 100 | 1 |
_aHoffman, Paul, _d1956- _eauthor |
|
| 245 | 1 | 4 |
_aThe man who loved only numbers : _bthe story of Paul Erdos and the search for mathematical truth / _cby Paul Hoffman. |
| 260 |
_aLondon : _bFourth Estate, _c1998. |
||
| 300 |
_a301 p., [16] p. of plates : _bill., ports ; _c20 cm. |
||
| 500 | _aPaperback ed. published in 1999. | ||
| 504 | _aIncludes bibliographical references (p. [279]-[288]) and index. | ||
| 600 | 1 | 4 | _aErdos, Paul. |
| 650 | 4 |
_aMathematicians _zHungary _xBiography. |
|
| 942 |
_2ddc _cNFIC |
||